Персональная система теле-ЭКГ для клинических случаев со сложно фиксируемыми заболеваниями; Инновации в неразрушающем контроле (SibTest 2019)

Chi tiết về thư mục
Parent link:Инновации в неразрушающем контроле (SibTest 2019).— 2019.— [С. 92-93]
Tác giả của công ty: Национальный исследовательский Томский политехнический университет Инженерная школа неразрушающего контроля и безопасности Отделение электронной инженерии
Tác giả khác: Лежнина И. А. Инна Алексеевна, Бояхчян А. А. Арман Артурович, Перчаткин В. А. Владимир Анатольевич, Львова А. Б. Анна Борисовна
Tóm tắt:Заглавие с экрана
Ngôn ngữ:Tiếng Nga
Được phát hành: 2019
Loạt:Методы и средства диагностики в медицине
Những chủ đề:
Truy cập trực tuyến:http://earchive.tpu.ru/handle/11683/56674
Định dạng: Điện tử Chương của sách
KOHA link:https://koha.lib.tpu.ru/cgi-bin/koha/opac-detail.pl?biblionumber=630458

MARC

LEADER 00000naa2a2200000 4500
001 630458
005 20231101133619.0
035 |a (RuTPU)RU\TPU\conf\31517 
035 |a RU\TPU\conf\31516 
090 |a 630458 
100 |a 20191111d2019 k y0rusy50 ca 
101 0 |a rus 
102 |a RU 
105 |a y z 101zy 
135 |a drgn ---uucaa 
181 0 |a i  
182 0 |a b 
200 1 |a Персональная система теле-ЭКГ для клинических случаев со сложно фиксируемыми заболеваниями  |f И. А. Лежнина [и др.] 
203 |a Текст  |c электронный 
225 1 |a Методы и средства диагностики в медицине 
230 |a 1 компьютерный файл (pdf; 354 Kb) 
300 |a Заглавие с экрана 
463 1 |0 (RuTPU)RU\TPU\conf\31411  |t Инновации в неразрушающем контроле (SibTest 2019)  |o сборник тезисов докладов V международной конференции, Екатеринбург, 26–28 июня 2019 г.  |f Национальный исследовательский Томский политехнический университет (ТПУ)  |v [С. 92-93]  |d 2019 
610 1 |a труды учёных ТПУ 
610 1 |a электронные ресурсы 
610 1 |a персональные системы 
610 1 |a ЭКГ 
610 1 |a заболевания 
610 1 |a кардиология 
610 1 |a телемедицина 
610 1 |a сердечно-сосудистые заболевания 
610 1 |a приоритетные направления 
701 1 |a Лежнина  |b И. А.  |c специалист в области неразрушающего контроля  |c доцент Томского политехнического университета, кандидат технических наук  |f 1984-  |g Инна Алексеевна  |2 stltpush  |3 (RuTPU)RU\TPU\pers\27095 
701 1 |a Бояхчян  |b А. А.  |g Арман Артурович 
701 1 |a Перчаткин  |b В. А.  |g Владимир Анатольевич 
701 1 |a Львова  |b А. Б.  |g Анна Борисовна 
712 0 2 |a Национальный исследовательский Томский политехнический университет  |b Инженерная школа неразрушающего контроля и безопасности  |b Отделение электронной инженерии  |h 7977  |2 stltpush  |3 (RuTPU)RU\TPU\col\23507 
801 2 |a RU  |b 63413507  |c 20191112  |g RCR 
856 4 |u http://earchive.tpu.ru/handle/11683/56674 
942 |c BK